Catalog

Record Details

Catalog Search



Zklamán Bohem = = Disappointment with God /  Philip Yancey ; překlad Alena Švecová Cover Image Book Book

Zklamán Bohem = = Disappointment with God /  Philip Yancey ; překlad Alena Švecová

Yancey, Philip (Author). Švecová, Alena (Added Author).

Record details

  • ISBN: 80-7255-061-6
  • Physical Description: 213 s.
  • Publisher: Praha Návrat domů 2002

Available copies

  • 3 of 3 copies available at Common Catalog SPOK.

Holds

  • 0 current holds with 3 total copies.
Show Only Available Copies
Location Call Number / Copy Notes Barcode Shelving Location Status Due Date
ETS Library 231.7 424470013309 Volný výběr Available -
ETS Library 231.7 424470019260 Volný výběr Available -
ETS Library 231.7 424470020340 Volný výběr Available -

LDR 00780nam a2 00265
00145097
003CZ-PrJAB
00520220304210408.0
008031119s2002 xr e |||| |cze
009cz
020 . ‡a80-7255-061-6
035 . ‡a(CONS)10539
035 . ‡aKPS11938
040 . ‡aABG450
041 . ‡acze
08214. ‡a231.7
100 . ‡7518 ‡aYancey, Philip
245 . ‡aZklamán Bohem = ‡b= Disappointment with God /  ‡nPhilip Yancey ; překlad Alena Švecová
260 . ‡aPraha ‡bNávrat domů ‡c2002
300 . ‡a213 s.
653 . ‡aZklamán Bohem ‡aDisappointment with God
700 . ‡75870 ‡aŠvecová, Alena
8524 . ‡bETS ‡bETS ‡cVolný výběr ‡j231.7 ‡p424470013309 ‡y$0.00
8524 . ‡bETS ‡bETS ‡cVolný výběr ‡j231.7 ‡gA ‡p424470005812
910 . ‡aABG450
999 . ‡a10539 ‡bAUTOGEN ‡c10539 ‡tbiblio
905 . ‡uadmin
901 . ‡a45097 ‡b ‡c45097 ‡tbiblio ‡sets

Additional Resources